01179nam a2200193Ia 4500001001100000003001000011008004100021040002500062041001300087100004000100245005400140250001100194260009200205300002700297500026200324501011400586520026200700650002300962L250-16707IT-CnALBA170116s9999||||xx |||||||||||||| ||und|| aIT-CnALBAcIT-CnALBA aITALIANO aGATTI GAETANO, SACERDOTE E PARROCO. 0aLA CASA TEMPIO DEL SIGNORE. PREGARE IN FAMIGLIA.  a1a ed. aCINISELLO BALSAMO (MI)bEDIZIONI PAOLINEc1982 [1° Ed.:1982 - Ed.Ling.Originale: 1982] a158 p. (prefazione: 4) aPRESENTAZIONE DI CAMPANINI GIORGIO E ANNA. CASA LUOGO DI PREGHIERA. GLORIA A DIO DELLA FAMIGLIA. FAMIGLIA COMUNITÀ. QUOTIDIANO FAMILIARE LUOGO DEL DIALOGO CON DIO. RITMO DELLA PREGHIERA. VOLTO ORANTE DELLA CHIESA. MARIA MADRE FAMILIARIS CONSORTIO, UNIONE  aSocietà San Paolo EM - Piazza San Paolo, 14 - 12051 ALBA (CN) (non commercial uses only) ® Copyright 2017 aPRESENTAZIONE DI CAMPANINI GIORGIO E ANNA. CASA LUOGO DI PREGHIERA. GLORIA A DIO DELLA FAMIGLIA. FAMIGLIA COMUNITÀ. QUOTIDIANO FAMILIARE LUOGO DEL DIALOGO CON DIO. RITMO DELLA PREGHIERA. VOLTO ORANTE DELLA CHIESA. MARIA MADRE FAMILIARIS CONSORTIO, UNIONE  aTEOLOGIA PASTORALE